| 000 | 00544nam a2200205Ia 4500 | ||
|---|---|---|---|
| 001 | b106-23365 [2175] | ||
| 003 | IT-MiCISF | ||
| 008 | 161014s9999||||xx |||||||||||||| ||und|| | ||
| 040 |
_aIT-MiCISF _cIT-MiCISF |
||
| 041 | _ait | ||
| 100 | _aRifelli Giorgio | ||
| 245 | 0 | _aCultura della sessualità | |
| 250 | _a1a ed. | ||
| 260 |
_aBologna _bDehoniane _c1971 |
||
| 300 | _app. 163 | ||
| 500 | _a / sessualità, educazione-sessuale, scuola, educazione-genitori / | ||
| 650 | _asessualità | ||
| 942 | _cBK | ||
| 957 | _71 | ||
| 999 |
_a23365 _bsi _g1 _c216409 _d216409 |
||